000 00522nam a2200121Ia 4500
008 220615s9999||||xx |||||||||||||| ||und||
100 _aRajamanickam Rajkumar
245 0 _aCervical Cancer - Screening, Treatment and Prevention - Universal Protocols for Ultimate Control
546 _aEnglish[eng]
650 _aMedicine||Gynecologic Oncology||Oncology||Health Sciences
856 _uhttps://www.intechopen.com/books/cervical-cancer-screening-treatment-and-prevention-universal-protocols-for-ultimate-control
942 _cEB
999 _c10394
_d10394